Fr. Conceicao Rodrigues College of Engineering

Principles of Grid computing (Record no. 34182)

MARC details
000 -LEADER
fixed length control field 00363nam a2200169Ia 4500
082 ## - DEWEY DECIMAL CLASSIFICATION NUMBER
Classification number 4
Item number KRI
100 ## - MAIN ENTRY--PERSONAL NAME
Personal name Krishna/Venkata P
245 ## - TITLE STATEMENT
Title Principles of Grid computing
260 ## - PUBLICATION, DISTRIBUTION, ETC.
Name of publisher, distributor, etc. Ane Books
Date of publication, distribution, etc. 2010
366 ## - TRADE AVAILABILITY INFORMATION
Publishers's discount category 25
300 ## - PHYSICAL DESCRIPTION
Extent 246
546 ## - LANGUAGE NOTE
Language note ENGLISH
-- Computers
650 ## - SUBJECT ADDED ENTRY--TOPICAL TERM
Topical term or geographic name entry element Grid computing
654 ## - SUBJECT ADDED ENTRY--FACETED TOPICAL TERMS
Focus term grid computing
942 ## - ADDED ENTRY ELEMENTS (KOHA)
Koha item type BOOK
Holdings
Withdrawn status Lost status Damaged status Not for loan Collection Home library Current library Date acquired Source of acquisition Cost, normal purchase price Inventory number Total Checkouts Full call number Barcode Date last seen Date last checked out Cost, replacement price Price effective from Koha item type
        CRC Fr. Agnel's C.Rodrigues College of Engineering AGNEL TECHNICAL COLLEGE LIBRARY 17/03/2023 ANE BOOKS 168.75 17 dt 30/04/2011 1 4 KRI 21715 30/10/2024 23/10/2024 225.00   BOOK